Η ελληνική παιδική λογοτεχνία κατά τη μεταπολεμική περίοδο 1945-1958
Saved in:
| Main Author: | |
|---|---|
| Format: | Book |
| Language: | Greek |
| Published: |
Αθήνα :
Καστανιώτης,
1991
|
| Subjects: | |
| Tags: |
Add Tag
No Tags, Be the first to tag this record!
|
MARC
| LEADER | 00000nam a2200000 i 4500 | ||
|---|---|---|---|
| 001 | 1/21472 | ||
| 008 | 961002s1991 gre d | ||
| 020 | |a 960-03-0651-6 | ||
| 035 | |a 1992 |b 1 |c Ζερβού |l 10036312 | ||
| 040 | |a GR-MY-UA |b gre |e aacr | ||
| 041 | 0 | |a gre | |
| 082 | 0 | |a 808.06809495 | |
| 100 | 1 | |a Αναγνωστόπουλος, Βασίλειος Δ., |d 1941- | |
| 245 | 1 | 2 | |a Η ελληνική παιδική λογοτεχνία κατά τη μεταπολεμική περίοδο 1945-1958 / |c Β. Δ. Αναγνωστόπουλος |
| 260 | |a Αθήνα : |b Καστανιώτης, |c 1991 | ||
| 300 | |a 302 σ. | ||
| 650 | 0 | 0 | |a Children's literature |x History |z Greece. |
| 852 | |a INST |b RHODES |e 19961002 |h 808.06809495 ΑΝΑ |p 005400008157 |q 005400008157 |t BK |y 0 | ||
| 909 | |a Ρ |b 021917 |c 1992 | ||
| 970 | |z 2000/07/ΚΑΤΕΡΙΝΑ | ||